| 000 | 00950nam a22003137a 4500 | ||
|---|---|---|---|
| 003 | CHAP | ||
| 005 | 20220329140749.0 | ||
| 008 | 971013s1980 r 00010 d | ||
| 010 | _a57260 | ||
| 011 | _a58232 | ||
| 035 | _a62387 | ||
| 040 | _cCHAP | ||
| 082 |
_a580.12 _bS8 |
||
| 100 | 0 | 0 |
_aStace, Clive Anthony. _9109365 |
| 245 | _aPlant taxonomy and biosystematics | ||
| 260 |
_aLondon : _bArnold, _c1980 |
||
| 300 |
_a279 p. _b: 1980 |
||
| 490 | _aContemporary biology | ||
| 590 |
_aBATCH-UPD _b10 _c20130110 _lUCH01 _h0216 |
||
| 590 |
_aBATCH-UPD _b10 _c20130110 _lUCH01 _h0822 |
||
| 590 |
_aBATCH-UPD _b10 _c20130410 _lUCH01 _h1418 |
||
| 590 |
_aBATCH-UPD _b10 _c20130914 _lUCH01 _h0733 |
||
| 590 |
_aCONVERSION _b10 _c20130109 _lUCH01 _h1331 |
||
| 650 | 1 | 4 |
_aBotánica _xClasificación. _914516 |
| 830 | 0 |
_aContemporary biology _927436 |
|
| 901 | _aBK | ||
| 942 | _cLIBRO | ||
| 949 |
_a580.12 S8 _bBC _cLIBRO _d33724000519591 _eLIBRO _h53961 _i62387 _si |
||
| 999 |
_c57260 _d57260 |
||